UM Logo

Small world / (Record no. 7973)

MARC details
000 -LEADER
fixed length control field 00626nam a2200181 4500
008 - FIXED-LENGTH DATA ELEMENTS--GENERAL INFORMATION
fixed length control field 171207b xxu||||| |||| 00| 0 eng d
020 ## - INTERNATIONAL STANDARD BOOK NUMBER
International Standard Book Number 002160006622
082 ## - DEWEY DECIMAL CLASSIFICATION NUMBER
Edition number 1990
Classification number DC 418.4
Item number Ar6s
100 ## - MAIN ENTRY--PERSONAL NAME
9 (RLIN) 24531
Personal name Arnold, Virginia, author.
245 ## - TITLE STATEMENT
Title Small world /
Statement of responsibility, etc. Virginia A. Arnold, Carl B. Smith.
260 ## - PUBLICATION, DISTRIBUTION, ETC. (IMPRINT)
Place of publication, distribution, etc. New York :
Name of publisher, distributor, etc. Macmillan Publishing Company,
Date of publication, distribution, etc. ©1990.
300 ## - PHYSICAL DESCRIPTION
Extent 239 pages :
Other physical details colored illustrations ;
Dimensions 24 cm.
500 ## - GENERAL NOTE
General note Includes bibliographical references.
650 #0 - SUBJECT ADDED ENTRY--TOPICAL TERM
9 (RLIN) 24529
Topical term or geographic name as entry element Reading (Elementary)
650 #0 - SUBJECT ADDED ENTRY--TOPICAL TERM
9 (RLIN) 24530
Topical term or geographic name as entry element Reading (Primary)
700 ## - ADDED ENTRY--PERSONAL NAME
9 (RLIN) 24528
Personal name Smith, Carl, B., author.
942 ## - ADDED ENTRY ELEMENTS (KOHA)
Source of classification or shelving scheme Dewey Decimal Classification
Koha item type Circulation
Holdings
Withdrawn status Lost status Source of classification or shelving scheme Damaged status Not for loan Collection code Home library Current library Date acquired Source of acquisition Total Checkouts Full call number Barcode Date last seen Copy number Price effective from Koha item type
    Dewey Decimal Classification     Circulation UM Digos College - LIC UM Digos College - LIC 04/21/2006 Donated   DC 418.4 Ar6s 1990 18519 05/15/2025   12/07/2017 Circulation